<?xml version="1.0" encoding="UTF-8"?>
<record
    xmlns:xsi="http://www.w3.org/2001/XMLSchema-instance"
    xsi:schemaLocation="http://www.loc.gov/MARC21/slim http://www.loc.gov/standards/marcxml/schema/MARC21slim.xsd"
    xmlns="http://www.loc.gov/MARC21/slim">

  <leader>01098nam2a2200289   4500</leader>
  <controlfield tag="001">RU\NLR\bibl\221267</controlfield>
  <controlfield tag="005">20250619104216.0</controlfield>
  <datafield tag="010" ind1=" " ind2=" ">
    <subfield code="a">5-300-02949-1</subfield>
  </datafield>
  <datafield tag="021" ind1=" " ind2=" ">
    <subfield code="a">RU</subfield>
    <subfield code="b">2001-26914</subfield>
    <subfield code="9">1286</subfield>
  </datafield>
  <datafield tag="035" ind1=" " ind2=" ">
    <subfield code="a">(NLR Aleph) 000217333</subfield>
  </datafield>
  <datafield tag="090" ind1=" " ind2=" ">
    <subfield code="a">1262593</subfield>
    <subfield code="c">1262593</subfield>
  </datafield>
  <datafield tag="100" ind1=" " ind2=" ">
    <subfield code="a">20020104d2001    |||y0rusy50      ca</subfield>
  </datafield>
  <datafield tag="101" ind1="1" ind2=" ">
    <subfield code="a">rus</subfield>
    <subfield code="c">ger</subfield>
  </datafield>
  <datafield tag="102" ind1=" " ind2=" ">
    <subfield code="a">RU</subfield>
  </datafield>
  <datafield tag="105" ind1=" " ind2=" ">
    <subfield code="a">y   |||||||||</subfield>
  </datafield>
  <datafield tag="200" ind1="1" ind2=" ">
    <subfield code="a">&#x41D;&#x430;&#x441;&#x442;&#x430;&#x43D;&#x435;&#x442; &#x434;&#x435;&#x43D;&#x44C;</subfield>
    <subfield code="e">&#x420;&#x43E;&#x43C;&#x430;&#x43D;</subfield>
    <subfield code="f">[&#x41F;&#x435;&#x440;. &#x441; &#x43D;&#x435;&#x43C;. &#x412;. &#x421;&#x442;&#x430;&#x43D;&#x435;&#x432;&#x438;&#x447;, &#x421;. &#x41C;&#x430;&#x440;&#x43A;&#x438;&#x448;&#x430;</subfield>
    <subfield code="g">&#x41F;&#x440;&#x438;&#x43C;&#x435;&#x447;. &#x421;. &#x41C;&#x430;&#x440;&#x43A;&#x438;&#x448;&#x430;]</subfield>
  </datafield>
  <datafield tag="210" ind1=" " ind2=" ">
    <subfield code="d">2001</subfield>
    <subfield code="a">&#x411;. &#x43C;.</subfield>
  </datafield>
  <datafield tag="215" ind1=" " ind2=" ">
    <subfield code="a">396,[2] &#x441;.</subfield>
  </datafield>
  <datafield tag="461" ind1=" " ind2="0">
    <subfield code="1">001RU\NLR\bibl\180590</subfield>
    <subfield code="1">2001#$a&#x421;&#x43E;&#x431;&#x440;&#x430;&#x43D;&#x438;&#x435; &#x441;&#x43E;&#x447;&#x438;&#x43D;&#x435;&#x43D;&#x438;&#x439;$v&#x422;. 7</subfield>
    <subfield code="9">1022757</subfield>
    <subfield code="a">&#x424;&#x435;&#x439;&#x445;&#x442;&#x432;&#x430;&#x43D;&#x433;&#x435;&#x440;, &#x41B;. (1884-1958)</subfield>
    <subfield code="c">&#x41C;.</subfield>
    <subfield code="d">2001</subfield>
    <subfield code="f">&#x41B;&#x438;&#x43E;&#x43D; &#x424;&#x435;&#x439;&#x445;&#x442;&#x432;&#x430;&#x43D;&#x433;&#x435;&#x440;</subfield>
    <subfield code="n">&#x422;&#x435;&#x440;&#x440;&#x430;-&#x41A;&#x43D;. &#x43A;&#x43B;&#x443;&#x431;</subfield>
    <subfield code="o">&#x412; 20 &#x442;.</subfield>
    <subfield code="t">&#x421;&#x43E;&#x431;&#x440;&#x430;&#x43D;&#x438;&#x435; &#x441;&#x43E;&#x447;&#x438;&#x43D;&#x435;&#x43D;&#x438;&#x439;</subfield>
    <subfield code="y">5-300-02339-6</subfield>
    <subfield code="v">&#x422;. 7</subfield>
  </datafield>
  <datafield tag="675" ind1=" " ind2=" ">
    <subfield code="a">82/89</subfield>
    <subfield code="v">3</subfield>
    <subfield code="z">rus</subfield>
  </datafield>
  <datafield tag="686" ind1=" " ind2=" ">
    <subfield code="a">84(4&#x413;)</subfield>
    <subfield code="2">rubbk</subfield>
  </datafield>
  <datafield tag="801" ind1=" " ind2="0">
    <subfield code="a">RU</subfield>
    <subfield code="b">RKP</subfield>
    <subfield code="c">20020104</subfield>
    <subfield code="g">PSBO</subfield>
  </datafield>
  <datafield tag="801" ind1=" " ind2="1">
    <subfield code="a">RU</subfield>
    <subfield code="b">RKP</subfield>
    <subfield code="c">20020104</subfield>
  </datafield>
  <datafield tag="801" ind1=" " ind2="2">
    <subfield code="a">RU</subfield>
    <subfield code="b">NLR</subfield>
    <subfield code="c">20020911</subfield>
    <subfield code="g">rcr</subfield>
  </datafield>
  <datafield tag="942" ind1=" " ind2=" ">
    <subfield code="c">BOOK</subfield>
  </datafield>
  <datafield tag="980" ind1=" " ind2=" ">
    <subfield code="a">NB</subfield>
  </datafield>
  <datafield tag="995" ind1=" " ind2=" ">
    <subfield code="5">2002-01-22</subfield>
    <subfield code="a">ad</subfield>
    <subfield code="b">NLR01</subfield>
    <subfield code="c">NLR01</subfield>
    <subfield code="e">RF8</subfield>
    <subfield code="f">210697</subfield>
    <subfield code="k">2001-3/9039</subfield>
    <subfield code="o">0</subfield>
    <subfield code="r">BOOK</subfield>
    <subfield code="s">200139039_</subfield>
  </datafield>
  <datafield tag="995" ind1=" " ind2=" ">
    <subfield code="5">2002-01-22</subfield>
    <subfield code="a">ad</subfield>
    <subfield code="b">NLR01</subfield>
    <subfield code="c">NLR01</subfield>
    <subfield code="e">RF8</subfield>
    <subfield code="f">210698</subfield>
    <subfield code="k">2001-3/9039</subfield>
    <subfield code="o">0</subfield>
    <subfield code="r">BOOK</subfield>
    <subfield code="s">200139039_</subfield>
  </datafield>
  <datafield tag="995" ind1=" " ind2=" ">
    <subfield code="5">2002-06-04</subfield>
    <subfield code="a">aa</subfield>
    <subfield code="b">NLR01</subfield>
    <subfield code="c">NLR01</subfield>
    <subfield code="e">OZ2</subfield>
    <subfield code="f">1-325700</subfield>
    <subfield code="k">&#x41B;1 &#x428;6(4&#x413;)/&#x424;-368</subfield>
    <subfield code="o">0</subfield>
    <subfield code="p">92.00</subfield>
    <subfield code="r">BOOK</subfield>
    <subfield code="s">1_64368</subfield>
  </datafield>
</record>
